Fait correspondant à une station de métro - Statistiques

Statistiques générales
  • Ce quiz a été pris 60 fois
  • Le résultat moyen est 11 sur 17
Statistiques - réponses
Lignes Indice Réponse % Correct
Pays d'origine de la pizza Place d’{Italie}
92%
Animaux tirant le traineau du Père Noël Rennes
86%
Chaîne de montagne au Sud Ouest de la France Pyrénnées
82%
Autant l’île au centre de Paris qu’un endroit de banlieue Cité
80%
Monument imaginé par Charles Garnier Opéra
78%
Premier président élu sous la Ve République {Charles de Gaulle} - Étoile
76%
La femme qui ne parle pas La Muette
76%
Ancien lieu de résidence des rois de France devenu musée Palais Royal Musée du Louvre
72%
Lieu où Louis XVI fût retrouvé pendant sa fuite Varenne
72%
Roi britannique ayant régné de 1910 à 1936 George V
70%
Périodes de 4 ans entre deux jeux olympiques Olympiades
68%
Lieu de culte protestant Temple
60%
Un coquillage comestible Saint-Jacques
54%
Homme politique du XIXe siècle assassiné puis Panthéonisé Jaurès
52%
Les supérieures d’une abbaye Abbesses
42%
Famille de botanistes Jussieu
34%
Général des XVIIIe et XIXe siècles, héros de la guerre d’indépendance grecque. Bótzaris
30%
Aucun quiz correspondant
Distribution des résultats
% des personnes avec chaque résultat
Percentile par nombre de réponses
Votre historique - résultats
Vous n’avez pas pris ce quiz